| 000 | 00508nam a2200181Ia 4500 | ||
|---|---|---|---|
| 001 | 12973 | ||
| 005 | 20260306163019.0 | ||
| 008 | 260306t1989||||xx |||||||||||||| ||spa|| | ||
| 041 | _aESP | ||
| 082 |
_aRD 498.513 _bG71 |
||
| 100 |
_aGonzales Holguín, Diego (1552-1618) _eAUT |
||
| 245 | 0 | _aVocabulario de la Lengua General de todo el peru llamada lengua qquichua o del inca | |
| 260 | _c1989 | ||
| 300 |
_axliv, 707 páginas : _c25 cm. |
||
| 650 | _aGEN | ||
| 654 | _aCHU | ||
| 942 |
_cLIB _dJUS _fJUS _2ddc _n |
||
| 999 |
_c12973 _d12973 |
||